| 000 | 00434 a2200157 4500 | ||
|---|---|---|---|
| 001 | 66476 | ||
| 082 | _a629.83 PHI | ||
| 090 |
_c38549 _d38549 |
||
| 100 | _aPhillips, Charles L; Royce D Harbor | ||
| 245 |
_aFeedback Control System, 3rd Ed _cCharles L Phillips |
||
| 250 | _a3 | ||
| 260 |
_aU S A _bPrentice Hall _c1993 |
||
| 300 | _a683 p. | ||
| 500 | _aBE textbook | ||
| 600 |
_aHarbor Royce _aHarbor Royce |
||
| 942 |
_aNUST-CAE _aNUST-CAE _k629.83 PHI _k629.83 PHI |
||
| 999 |
_c301549 _d301549 |
||